00477nam a2200169 a 450000500170000000800410001702000180005805000250007610000180010124500630011926000340018230000100021644000260022650000190025265000130027165000230028420140412111234.0000829s19uu xx 00 eng d a0-7496-1490-0 aREF 030bFi44Bo 1994 aGaneri, Anita aFirst starts the body :cAnita Ganeri.bbirth and growth / aLondon :bWatts Books,c1994. a32 p. aFirst Starts the Body aIncludes index aSciences aHuman bodyxGrowth